Land vs. Land #114 - Statistiken

Allgemein
  • Dieses Quiz wurde 13 mal gespielt
  • Das Durchschnittsergebnis liegt bei 10 aus 14
Antwortstatistiken
Frage Antwort % Korrekt
...Fläche? Irland🇮🇪
100%
...Lebenserwartung? Irland🇮🇪
100%
...HDI (Human Development Index)? Irland🇮🇪
92%
...Happy Planet Index? Irland🇮🇪
92%
...Frieden? Irland🇮🇪
92%
...durchschnittlicher IQ? Irland🇮🇪
83%
...Gewinner? Irland🇮🇪
75%
...Militär? Katar🇶🇦
75%
...Einwohner? Irland🇮🇪
67%
...Bruttoinlandsprodukt? Irland🇮🇪
67%
...Tourismus? Irland🇮🇪
58%
...Bruttoinlandsprodukt pro Kopf? Irland🇮🇪
50%
...Exportmengen? Irland🇮🇪
42%
...Gesundheitswesen? Katar🇶🇦
17%
Keine übereinstimmenden Quizze gefunden
Verteilung der Resultate
Anzahl Personen mit jedem Resultat
Perzentil nach korrekt beantworteten Fragen
Ihre Resultats-Entwicklung
Sie haben dieses Quiz noch nicht gespielt